| 000 | 00595cam a2200217 4500 | ||
|---|---|---|---|
| 001 | 4538603 | ||
| 005 | 20180302034440.0 | ||
| 008 | 710120s1970 nyua b 001 0 eng | ||
| 010 | _a 68008112 | ||
| 020 | _a0471833703 | ||
| 040 |
_aDLC _cDLC _dDLC |
||
| 041 | _aeng | ||
| 080 | _a546.7116 | ||
| 082 | 0 | 0 | _a546.7116 STR |
| 100 | 1 | _a12 | |
| 101 | _aKIM | ||
| 245 | 1 | 4 |
_aThe analytical chemistry of nitrogen and its compounds. _cEdited by C. A. Streuli and P. R. Averell. |
| 504 | _aIncludes bibliographies. | ||
| 906 |
_a7 _bcbc _corignew _d2 _eocip _f19 _gy-gencatlg |
||
| 942 |
_2ddc _cBK |
||
| 999 |
_c43935 _d43935 |
||